000 00387nam a2200157Ia 4500
008 230917s9999||||xx |||||||||||||| ||und||
040 _e126833
_aMAIN
041 _aEnglish
082 _a005.1 G343F
100 _aGhezzi, Carlo
245 0 _aFundamental of software engineering
250 _a2nd ed.
260 _aNew Delhi
_bPrentice Hall
_c2007
300 _a504p p.
942 _cBK
999 _c138913
_d138913